| 000 | 00487cam a2200193ua 4500 | ||
|---|---|---|---|
| 001 | 216 | ||
| 008 | 110324n ii |||gr||||Z||||||asm | ||
| 020 | _a81-7339-249-9 | ||
| 040 | _cMAIN | ||
| 082 | _a301.072 | ||
| 100 | _aAhmed, Gyasuddin., | ||
| 245 |
_aSamajik gabeshana aru iyaar kaushal pranali. _cBy Gyasuddin Ahmed. |
||
| 250 | _a1st. | ||
| 260 |
_aDibrugarh.: _bBanalata., _c2006. |
||
| 300 | _a264 p.:4 cm. | ||
| 653 | _aSociology. | ||
| 653 | _aSamajik gabeshana | ||
| 942 | _cBK | ||
| 999 |
_c184 _d184 |
||